| 000 | 00797nam a2200229 a 4500 | ||
|---|---|---|---|
| 001 | 2588 | ||
| 003 | CDMR | ||
| 005 | 20131128121028.0 | ||
| 008 | 130130s2000||||||||||||||||||||||||||||d | ||
| 020 | _a847935691X | ||
| 040 |
_aCDMR _bcat _cCPC LLEIDA |
||
| 245 | 0 | 0 |
_aLlengua i mitjans de comunicació _b: actes del Congrés de Llengua i Mitjans de Comunicació : (Lleida, 17-18 de desembre de 1999) _cImma Creus, Joan Julià, Sílvia Romero (eds.) ; pròleg de Lluís Jou |
| 260 |
_aLleida _c2000 _bPagès |
||
| 300 | _a358 p. | ||
| 490 | 0 |
_aRetalls _v2 |
|
| 650 | 0 | 4 |
_92326 _aPremsa i llenguatge |
| 650 | 0 | 4 |
_94400 _aMitjans de comunicació de massa _xCongressos |
| 700 | 1 |
_91941 _aCreus, Imma |
|
| 700 | 1 |
_93376 _aJulià i Muné, Joan _d1950- |
|
| 700 | 1 |
_93375 _aRomero, Sílvia |
|
| 942 |
_cMON _2udc |
||
| 999 |
_c2588 _d2588 |
||